A manual for writers of term papers, theses, and dissertations / (Record no. 6806)
[ view plain ]
| 000 -LEADER | |
|---|---|
| fixed length control field | 01132nam a22002297a 4500 |
| 001 - CONTROL NUMBER | |
| control field | 6806 |
| 003 - CONTROL NUMBER IDENTIFIER | |
| control field | FISKH |
| 005 - DATE AND TIME OF LATEST TRANSACTION | |
| control field | 20250528164746.0 |
| 008 - FIXED-LENGTH DATA ELEMENTS--GENERAL INFORMATION | |
| fixed length control field | 250528b cb ||||| |||| 00| 0 eng d |
| 040 ## - CATALOGING SOURCE | |
| Original cataloging agency | FISKH |
| Language of cataloging | eng |
| Transcribing agency | FISKH |
| Modifying agency | FISKH |
| 050 ## - LIBRARY OF CONGRESS CALL NUMBER | |
| Classification number | LB2369 |
| 082 ## - DEWEY DECIMAL CLASSIFICATION NUMBER | |
| Classification number | 808.02 |
| 100 ## - MAIN ENTRY--PERSONAL NAME | |
| Personal name | Turabian, Kate L. |
| 245 ## - TITLE STATEMENT | |
| Title | A manual for writers of term papers, theses, and dissertations / |
| Statement of responsibility, etc. | By Kate L. Turabian |
| 260 ## - PUBLICATION, DISTRIBUTION, ETC. | |
| Place of publication, distribution, etc. | Chicago and London : |
| Name of publisher, distributor, etc. | University of Chicago Press , |
| Date of publication, distribution, etc. | 1955. |
| 300 ## - PHYSICAL DESCRIPTION | |
| Extent | 109 pages : |
| Other physical details | illustrations ; |
| Dimensions | 25 cm . |
| 520 ## - SUMMARY, ETC. | |
| Summary, etc. | "This new edition of the classic reference work on writing research papers recognizes recent developments in information literacy--including finding, evaluating, and citing a wide range of digital sources--and the evolving use of software for citation management, graphics, and paper format and submission while continuing to reflect best practices for research and writing, as adapted from the most recent editions of The Craft of Research and The Chicago Manual of Style. |
| 650 ## - SUBJECT ADDED ENTRY--TOPICAL TERM | |
| Topical term or geographic name entry element | Academic writing |
| 650 ## - SUBJECT ADDED ENTRY--TOPICAL TERM | |
| Topical term or geographic name entry element | Writing manual |
| 942 ## - ADDED ENTRY ELEMENTS (KOHA) | |
| Source of classification or shelving scheme | Dewey Decimal Classification |
| Koha item type | Books |
| Suppress in OPAC | No |
| Withdrawn status | Lost status | Source of classification or shelving scheme | Damaged status | Not for loan | Collection | Home library | Current library | Shelving location | Date acquired | Total Checkouts | Full call number | Barcode | Date last seen | Price effective from | Koha item type |
|---|---|---|---|---|---|---|---|---|---|---|---|---|---|---|---|
| Dewey Decimal Classification | Reference | Footprints International School Library Network Toul Tom Poung Campus | Footprints International School Library Network Toul Tom Poung Campus | Librarian's Shelf TTP | 05/28/2025 | TUR 808.02 LB2369 | 2025-1430 | 05/28/2025 | 05/28/2025 | Books |
